000 00535cam a22001932 4500
001 0000009053
005 20151217161139.0
008 080730s xx 000 0 eng d
040 _aKABU
_cKABU
050 0 _aL971
_b.K4K46 2008
245 1 0 _aKenya education directory.
250 _a2008 ed.
260 _aNairobi :
_bExpress Communication,
_c2008.
300 _a396 p.
650 0 _aEducation
_zKenya
_vDirectories.
_@0000160005
908 _a080730
950 _@1
999 _c15072
_d15072